LEADER 02027nam 2200541 a 450 001 9910457918303321 005 20200520144314.0 010 $a1-61121-045-3 035 $a(CKB)2550000000054462 035 $a(StDuBDS)AH24486178 035 $a(SSID)ssj0000541273 035 $a(PQKBManifestationID)12233254 035 $a(PQKBTitleCode)TC0000541273 035 $a(PQKBWorkID)10494017 035 $a(PQKB)10760946 035 $a(MiAaPQ)EBC3007442 035 $a(Au-PeEL)EBL3007442 035 $a(CaPaEBR)ebr10498865 035 $a(OCoLC)923617529 035 $a(EXLCZ)992550000000054462 100 $a20100823d2010 uy 0 101 0 $aeng 135 $aur||||||||||| 181 $ctxt 182 $cc 183 $acr 200 10$aSickles at Gettysburg$b[electronic resource] $ethe controversial Civil War general who committed murder, abandoned Little Round Top, and declared himself the hero of Gettysburg /$fJames A. Hessler 205 $a1st paperback ed. 210 $aNew York $cSavas Beatie$dc2010 215 $a1 online resource (xi, 490 p. ) $cill., maps 300 $aFormerly CIP.$5Uk 311 $a1-932714-84-7 320 $aIncludes bibliographical references and index. 330 8 $aBy 1863, Major General Daniel E. Sickles was notorious as a disgraced former Congressman who murdered his wife's lover on the streets of Washington. With his political career in ruins, Sickles used his connections with President Lincoln to obtain a prominent command in the Army of the Potomac's Third Corps. 606 $aGettysburg, Battle of, Gettysburg, Pa., 1863 606 $aGenerals$zUnited States$vBiography 608 $aElectronic books. 615 0$aGettysburg, Battle of, Gettysburg, Pa., 1863. 615 0$aGenerals 676 $a973.7349092 700 $aHessler$b James A$0863024 801 0$bMiAaPQ 801 1$bMiAaPQ 801 2$bMiAaPQ 906 $aBOOK 912 $a9910457918303321 996 $aSickles at Gettysburg$91926510 997 $aUNINA LEADER 00922nam 22003013 450 001 9910131997903321 005 20160621164953.0 010 $a88-87543-70-4 035 $a(CKB)3400000000018916 035 $a(ItFiC)it 04491629 035 $a(EXLCZ)993400000000018916 100 $a20110314d2004 uy 0 101 0 $aita 200 10$aAmici allo spiedo$b[electronic resource] /$fAntonio Baldini ; a cura di Marco Antonio Bazzocchi 210 $aPesaro $cMetauro$d2004 215 $axxiv, 184 p 225 0$aArchivio Baldini ;$v3 300 $aCollected essays. 300 $aContains introduction (p. ix-xxiv) by the editor. 327 $uhttp://www.ilibri.casalini.it/toc/04491629.pdf$3TOC 676 $a854 700 $aBaldini$b Antonio$f1889-1962.$0152563 801 0$bItFiC 801 1$bItFiC 906 $aBOOK 912 $a9910131997903321 996 $aAmici allo spiedo$9914911 997 $aUNINA